| 000 | 00462nam a2200181Ia 4500 | ||
|---|---|---|---|
| 008 | 230524s9999 xx 000 0 und d | ||
| 020 | _a97881203048 | ||
| 082 |
_a659.113 _bWEL |
||
| 100 | _aWilliam Wells | ||
| 245 | 0 | _aAdvertising Principles And Practice | |
| 250 | _a7TH | ||
| 260 |
_aNEW DELHI _bPHI _c2008 |
||
| 300 | _aXX;581 | ||
| 500 | _aQuantity Number: 2 | ||
| 650 | _aManagement | ||
| 700 | _a" Sandra Moriarty , John Burnett,,," | ||
| 942 | _cBK | ||
| 999 |
_c43061 _d43061 |
||